| 000 | 01670nam a2200493 i 4500 | ||
|---|---|---|---|
| 001 | 38692 | ||
| 003 | KOSZ 005 | ||
| 005 | 20240405063124.0 | ||
| 008 | 991022s1999 pl |000 0 pol | ||
| 015 | _aUWD 1999/16093 | ||
| 020 | _a8386882336 | ||
| 035 | _a991011620239705066 | ||
| 035 | _a(PL-WaBN)b13158405-48omnis_nlop | ||
| 035 | _ab13158405 | ||
| 035 | _a(OCoLC)749205572 | ||
| 035 | _a(PL)b0000001315840 | ||
| 035 | _a(EXLNZ-48OMNIS_NETWORK)9910152228405606 | ||
| 040 |
_aWA N _cWA N _dKOSZ 005/HR |
||
| 041 | 0 | _apol | |
| 046 | _k1999 | ||
| 080 | _a327.5"19" | ||
| 080 | _a341"19" | ||
| 245 | 0 | 0 |
_aSpory i konflikty międzynarodowe : _baspekty prawne i polityczne : praca zbiorowa / _cpod red. Włodzimierza Malendowskiego ; [aut. Jolanta Bryła et al.]. |
| 260 |
_aWrocław : _b"Atla 2", _c1999. |
||
| 300 |
_a417 s. ; _c21 cm. |
||
| 336 |
_aTekst _btxt _2rdacontent |
||
| 337 |
_aBez urządzenia pośredniczącego _bn _2rdamedia |
||
| 338 |
_aWolumin _bnc _2rdacarrier |
||
| 380 | _aKsiążki | ||
| 388 | _a1901-2000 | ||
| 388 | _a1989-2000 | ||
| 648 | 7 |
_a1901-2000 _2DBN |
|
| 650 | 7 |
_aKonflikt międzynarodowy _2DBN |
|
| 650 | 7 |
_aPolityka międzynarodowa _2DBN |
|
| 650 | 7 |
_aPrawo międzynarodowe _2DBN |
|
| 650 | 7 |
_aWojna _2DBN |
|
| 658 | _aPolityka, politologia, administracja publiczna | ||
| 658 | _aBezpieczeństwo i wojskowość | ||
| 700 | 1 |
_aBryła, Jolanta _eAutor |
|
| 700 | 1 |
_aMalendowski, Włodzimierz _eRedakcja |
|
| 856 |
_uhttp://koha.tu.koszalin.pl/cgi-bin/koha/opac-detail.pl?biblionumber=38692 _yKatalog online BPK |
||
| 942 |
_2UKD _cKS |
||
| 999 |
_c38692 _d38692 |
||